Statistics for Last 20 NHL 1st Overall picks

Click here to take the quiz!

General Stats

  • This quiz has been taken 85 times
  • The average score is 16 of 21

Answer Stats

Team/YearAnswer% Correct
EDM/2015Connor McDavid
97%
PIT/2005Sidney Crosby
92%
TOR/2016Auston Matthews
91%
CHI/2007Patrick Kane
90%
EDM/2010Taylor Hall
89%
WAS/2004Alex Ovechkin
87%
NYI/2009John Tavares
87%
COL/2013Nathan Mackinnon
86%
TB/2008Steven Stamkos
86%
FLA/2014Aaron Ekblad
82%
EDM/2011Ryan Nugent-Hopkins
82%
EDM/2012Nail Yakupov
80%
NJ/2017Nico Hischier
76%
CBJ/2002Rick Nash
75%
PIT/2003Marc-Andre Fleury
72%
BOS/1997Joe Thornton
70%
ATL/2001Ilya Kovalchuk
68%
NYI/2000Rick Dipietro
66%
STL/2006Erik Johnson
63%
TB/1998Vincent Lecavalier
56%
ATL/1999Patrik Stefan
35%

Score Distribution

Percentile by Number Answered

Percent of People with Each Score

Your Score History

You have not taken this quiz